Missing Word- Sea Shanty Style! Quiz Stats

Quiz not verified by Sporcle

Challenge
Share
Tweet
Embed
Score 0/20 Timer 04:00
0 Plays Today
Phrase Missing Word % Correct
What shall we do with a _______ sailor (x3)drunken
96.9%
Earl-aye in the _______ ?morning
93%
________ in the morningEarl-aye
78.9%
That's what we'll do with a drunken ______ (x3)sailor
78.9%
Send 'im up the crow's ___ 'till he falls downnest
75%
Shave his back with a _____ razorrusty
65.6%
Put him in the bilge and make him _____ itdrink
54.7%
Put him in bed with the captain's ________daughter
53.1%
Give 'im a _____ of the bosun's rope-endtaste
44.5%
______ heigh and up she risesWeigh
40.6%
Phrase Missing Word % Correct
Put him in the ____ boat 'till he's soberlong
39.8%
Give 'im a dose of ____ and watersalt
35.2%
Stick on his back a mustard _______plaster
29.7%
Put him in the ________ with a hose-pipe on himscuppers
25%
Heave 'im by the ___ with a runnin' bowlineleg
21.9%
Beat him with a ___ 'till his back is bleedin'cat
21.1%
Truss him up with a runnin' _______bowline
19.5%
Pull out the ____ and wet him all overplug
17.2%
Tie 'im to the taffrail when she's yard-arm _____under
14.8%
Soak 'im in oil 'till he sprouts a _______flipper
11.7%

You're not logged in!

Compare scores with friends on all Sporcle quizzes.
Sign Up with Email
OR
Log In

You Might Also Like...

Show Comments

Extras

Top Quizzes Today


Score Distribution

Your Account Isn't Verified!

In order to create a playlist on Sporcle, you need to verify the email address you used during registration. Go to your Sporcle Settings to finish the process.